Investment processes in the Slovak Republic and in selected European companies
Salvato in:
| Autore principale: | |
|---|---|
| Altri autori: | , |
| Natura: | Capitolo di libro |
| Lingua: | inglese |
| Soggetti: | |
| Tags: |
Nessun Tag, puoi essere il primo ad aggiungerne!!
|
MARC
| LEADER | 00000naa a2200000 4500 | ||
|---|---|---|---|
| 001 | 0175148 | ||
| 005 | 20240502073003.7 | ||
| 041 | 0 | |a eng | |
| 044 | |a SK | ||
| 245 | 1 | 0 | |a Investment processes in the Slovak Republic and in selected European companies |c Miroslav Grznár, Ľuboslav Szabo, Elena Šúbertová |
| 610 | 2 | 0 | |a manažment |
| 610 | 2 | 0 | |a riadenie strategické |
| 610 | 2 | 0 | |a rozhodovanie investičné |
| 610 | 2 | 0 | |a agropotravinárstvo |
| 610 | 2 | 0 | |a podnik poľnohospodársky |
| 100 | 1 | |a Grznár, Miroslav | |
| 700 | 1 | |a Szabo, Ľuboslav | |
| 700 | 1 | |a Šúbertová, Elena | |